| 000 | 00580nam a2200181Ia 4500 | ||
|---|---|---|---|
| 003 | GCL | ||
| 008 | 140319s9999 xx 000 0 ara d | ||
| 040 |
_aGCL / _cGCL |
||
| 082 | 0 | 4 |
_a070.897 _bع م |
| 100 | 1 | _aعبدالوهاب كحيل | |
| 245 | 1 | 0 |
_aالمسئولية الاجتماعية للصحافة المدرسية / _cعبدالوهاب كحيل |
| 260 |
_a[S.N] : _bدار الفكر العربى ، _c1992 |
||
| 490 | _a | ||
| 650 | 0 | 4 | _aالتربية |
| 650 | 0 | 4 | _aالصحافة العربية |
| 650 | 0 | 4 | _aالصحافة والتعليم |
| 942 |
_2ddc _cBK |
||
| 999 |
_c53349 _d53349 |
||